Proměny doby /

Hlavní autor: Peřina, Jan, 1936-
Jazyk: Čeština
Vydáno: V Olomouci : Univerzita Palackého, 2009
Vydání: 1. vyd.
Edice: Paměť UP
Témata:
Externí odkaz: Digitalizovaný dokument
Fyzický popis: 247 s. : il., portréty, faksim. ; 24 cm
Knihy
Uloženo v:
LEADER 02287nam a2200601 a 4500
001 nkc20092006895
003 CZ PrNK
005 20170208140045.0
007 ta
008 091102s2009 xr ach e 001 1acze
015 |a cnb002006895 
020 |a 978-80-244-2246-6  |q (váz.) 
035 |a (OCoLC)481046707 
040 |a ABA001  |b cze 
043 |a e-xr--- 
045 |a x5y0 
072 7 |a 53  |x Fyzika  |2 Konspekt  |9 6 
072 7 |a 929  |x Biografie  |2 Konspekt  |9 8 
080 |a 53-051  |2 MRF 
080 |a 378.011.3-051  |2 MRF 
080 |a 929  |2 MRF 
080 |a 001.8/.9  |2 MRF 
080 |a 323  |2 MRF 
080 |a (437.3)  |2 MRF 
080 |a (0:82-94)  |2 MRF 
100 1 |a Peřina, Jan,  |d 1936-  |7 jk01092616  |4 aut 
245 1 0 |a Proměny doby /  |c Jan Peřina 
250 |a 1. vyd. 
260 |a V Olomouci :  |b Univerzita Palackého,  |c 2009 
300 |a 247 s. :  |b il., portréty, faksim. ;  |c 24 cm 
490 1 |a Paměť UP 
500 |a Obsahuje rejstřík 
600 1 7 |a Peřina, Jan,  |d 1936-  |7 jk01092616  |2 czenas 
648 4 |a 1951-2009 
648 7 |a 20.-21. století  |7 ch462155  |2 czenas 
650 0 7 |a fyzici  |7 ph114600  |z Česko  |y 20.-21. století  |2 czenas 
650 0 7 |a vysokoškolští učitelé  |7 ph127282  |z Česko  |y 20.-21. století  |2 czenas 
650 0 7 |a vědecká práce  |7 ph127363  |z Česko  |y 20.-21. století  |2 czenas 
650 0 9 |a physicists  |z Czechia  |y 20th-21st centuries  |2 eczenas 
650 0 9 |a college teachers  |z Czechia  |y 20th-21st centuries  |2 eczenas 
650 0 9 |a scientific work  |z Czechia  |y 20th-21st centuries  |2 eczenas 
651 7 |a Česko  |7 ge128065  |x společnost a politika  |y 20.-21. století  |2 czenas 
651 9 |a Czechia  |x society and politics  |y 20th-21st centuries  |2 eczenas 
655 7 |a autobiografické vzpomínky  |7 fd131854  |2 czenas 
655 9 |a autobiographical reminiscences  |2 eczenas 
830 0 |a Paměť UP  |0 s 
856 4 1 |u http://www.digitalniknihovna.cz/mzk/uuid/uuid:c2f307b0-16e0-11e4-8e0d-005056827e51  |y Digitalizovaný dokument  |x NDK 
910 2 |a BOA001  |b 2-1232.685 
990 |a BK 
995 |a 01 
991 |b 200912  |c NOV  |j 53 PEŘ 
996 6 |b 2610403863  |c 2-1232.685  |l MZK  |r Sklad / do 1 hodiny  |n 0  |p p.v.  |w 000973652  |u 000010  |a 1  |e BOA001  |j MZK50  |s P 
996 7 |b 2610404762  |c 2-1232.685  |l MZK  |r Sklad / do 1 hodiny  |n 5  |p kup  |w 000973652  |u 000020  |a 1  |e BOA001  |j MZK50  |s A